Ball redbook
Guardat en:
| Autors principals: | , |
|---|---|
| Format: | Llibre |
| Idioma: | anglès |
| Publicat: |
Chicago, USA.
Ball Publishing,
2011
|
| Edició: | 18th ed. |
| Matèries: | |
| Etiquetes: |
Afegir etiqueta
Sense etiquetes, Sigues el primer a etiquetar aquest registre!
|
MARC
| LEADER | 00000cam a2200000 a 4500 | ||
|---|---|---|---|
| 001 | UCE5274 | ||
| 003 | CL-VaPUC | ||
| 005 | 20211204074437.0 | ||
| 008 | 141218e20110000us |||||||||||||||||eng|d | ||
| 999 | |c 358029 |d 358027 | ||
| 020 | |a 9781883052676 v.1 | ||
| 020 | |a 978-1-883052-68-3 v.2 | ||
| 040 | |c Pontificia Universidad Católica de Valparaíso | ||
| 082 | 0 | 4 | |a 635.9 BEY 2011 |2 21 |
| 100 | 0 | |a Beytes, Chris |e author |9 577812 | |
| 245 | 1 | 0 | |a Ball redbook |
| 250 | |a 18th ed. | ||
| 260 | |a Chicago, USA. |b Ball Publishing, |c 2011 | ||
| 300 | |a 2 volume | ||
| 500 | |a v.1: greenhouses and equipment | ||
| 500 | |a v.2: crop production | ||
| 583 | |a last modification |c 20190412 10:09:34 |k Rodrigo Vera | ||
| 650 | 0 | |a Invernaderos |9 264317 | |
| 650 | 0 | |a Floricultura |9 264401 | |
| 650 | 0 | |a Plantas ornamentales |9 345450 | |
| 700 | 0 | |a Nau, Jim |e author |9 577813 | |
| 942 | |c BK |2 ddc | ||
| 945 | |d 20141218 14:43:00 |a dcastane | ||
| 952 | |0 0 |1 0 |3 erd |4 0 |6 635_900000000000000_BEY_2011 |7 0 |8 A |9 466251 |a BIBAGR |b BIBAGR |h v.1 |i 5130743 |o 635.9 BEY 2011 |p 5130743 |r 2025-01-20 |w 2019-11-23 |y BK |z Catalogado en:20141218 |k AGR | ||
| 952 | |0 0 |1 0 |2 ddc |3 erd |4 0 |6 635_900000000000000_BEY_2011 |7 0 |8 A |9 466252 |a BIBAGR |b BIBAGR |h v.1 |i 5130751 |l 1 |o 635.9 BEY 2011 |p 5130751 |r 2025-01-20 |s 2020-01-22 |w 2019-11-23 |y BK |z Catalogado en:20141218 |k AGR | ||
| 952 | |0 0 |1 0 |2 ddc |3 erd |4 0 |6 635_900000000000000_BEY_2011 |7 0 |8 A |9 466253 |a BIBAGR |b BIBAGR |h v.2 |i 5543339 |o 635.9 BEY 2011 |p 5543339 |r 2025-01-20 |w 2019-11-23 |y BK |z Catalogado en:20190412 |k DCA | ||